| 000 | 00842nam a2200229 a 4500 | ||
|---|---|---|---|
| 005 | 20210223130753.0 | ||
| 008 | 081103s1985 mx r 000 0 spa d | ||
| 035 | _aUPN01000164757 | ||
| 049 | _aUNE | ||
| 080 | _a37.014. 543 (6)=20 COM No.168. | ||
| 245 | 0 | 0 |
_aCommunity financing of schools : _btwo experiences from Africa / _cby O. S. Igwe ... [et al.]. |
| 260 |
_aParÃs : _bUNESCO ; _aNew York : _bUNICEF, _c1985. |
||
| 300 | _a44 p. | ||
| 440 | 0 |
_aNotes, comments... ; _v168 |
|
| 690 | _aFinanciacion de la educacion - Participacion comunitaria | ||
| 690 | _aRelacion escuela -comunidad - Financiacion de la educacion | ||
| 690 | _aAfrica - Financiacion de la educacion - Relacion escuela-comunidad | ||
| 700 | 1 |
_aIgwe, O. S _ecoaut. |
|
| 710 | 2 |
_aUNICEF _924085 |
|
| 710 | 2 | _aPrograma de Alimentación Mundial | |
| 905 | _aUNESCO | ||
| 999 |
_c136869 _d136869 |
||